00794pam a2200241 a 450000100060000000300080000600500170001400800410003102000220007202000220009403500190011604000320013504100080016708200250017510000230020024501160022326000530033930000330039250000230042550400510044865000290049970000240052814590BD-RjUL20211208235645.0140206s1983 njua b 001 0 eng  a0136451276 (pbk.) a0136451357 (hard) a(BD-RjUL)14643 aDLCcDLCdDLCdBD-RjULbeng aeng00a650.14219bMEO 19831 aMerman, Stephen K.10aOut-interviewing the interviewer :ba job winner's script for success /cStephen K. Merman, John E. McLaughlin. aEnglewood Cliffs, N.J. :bPrentice-Hall,cc1983. axi, 223 p. :bill. ;c24 cm. a"A Spectrum book." aIncludes bibliographical references and index. 0aEmployment interviewing.1 aMcLaughlin, John E.